Library of the University of Algiers 3
Ibrahim Sultan Cheibout
شعار جامعة الجزائر 3
مكتبة جامعة الجزائر 3
إبراهيم سلطان شيبوط

المدخل في النظرية الإقتصادية : (رقم التسجيلة. 42458)

تفاصيل مارك
000 -LEADER
fixed length control field 01723nam a2200229Ia 4500
003 - CONTROL NUMBER IDENTIFIER
control field Ost
005 - DATE AND TIME OF LATEST TRANSACTION
control field 20260507075036.0
008 - FIXED-LENGTH DATA ELEMENTS--GENERAL INFORMATION
fixed length control field 260507s9999||||xx |||||||||||||| ||und||
020 ## - INTERNATIONAL STANDARD BOOK NUMBER
International Standard Book Number 7815723977
040 ## - CATALOGING SOURCE
Transcribing agency fsecg
041 ## - LANGUAGE CODE
Language code of text/sound track or separate title ara
082 ## - DEWEY DECIMAL CLASSIFICATION NUMBER
Classification number 330
100 ## - MAIN ENTRY--PERSONAL NAME
Personal name حسن، سهير محمد السيد
Relator term مؤلف
245 #0 - TITLE STATEMENT
Title المدخل في النظرية الإقتصادية :
Remainder of title المفهوم والتطبيق /
Statement of responsibility, etc. سهير محمد السيد حسن
260 ## - PUBLICATION, DISTRIBUTION, ETC.
Place of publication, distribution, etc. القاهرة:
Name of publisher, distributor, etc. ايتراك للنشر والتوزيع,
Date of publication, distribution, etc. 2002
300 ## - PHYSICAL DESCRIPTION
Extent 242 صفحة؛
Other physical details إيضاحات ؛
Dimensions 24 سم
520 ## - SUMMARY, ETC.
Summary, etc. الجزء الاول:مفهوم وإطار التحليل الإقتصاد الجزئي- مفاهيم إقتصادية- الأسعار وإنعكاساتها على التكاليف- الأسعار كأحد محددات الطلب- الأسعار المحددة لدرجة المنافسة التي تسود الأسواق- الأسعار تعكس درجة المخاطر- المزايا النسبية للأسعار- ماذا يحدث في حالة غياب الأسعار- الجزء الثاني:الإقتصاد التحليلي الكلي- أدوات التحليل الإقتصادي الكلي- دالة الإستهلاك ودالة الإستثمار- الدالة الإجمالية للإنتاج- تحديد المستوى التوازني للإقتصاد الكلي- الإنفاق الحكومي والمستوى التوازني للإقتصاد المحلي- العلاقات الدولية والتوازن الإقتصادي الكلي
653 ## - INDEX TERM--UNCONTROLLED
Uncontrolled term الإقتصاد
653 ## - INDEX TERM--UNCONTROLLED
Uncontrolled term الإقتصاد التحليلي
653 ## - INDEX TERM--UNCONTROLLED
Uncontrolled term الإقتصاد- نظريات
942 ## - ADDED ENTRY ELEMENTS (KOHA)
Koha item type كتب
المقتنيات
Withdrawn status Lost status Source of classification or shelving scheme Damaged status Not for loan Home library Current library Date acquired Serial enumeration / chronology Inventory number Total checkouts Full call number Barcode Date last seen Price effective from Koha item type
    Dewey Decimal Classification   NOT LOAN / إعارة داخلية مكتبة كلية العلوم الإقتصادية والعلوم التجارية وعلوم التسيير مكتبة كلية العلوم الإقتصادية والعلوم التجارية وعلوم التسيير 07/05/2026 الطابق الأرضي 1/244   أ/244ن1 1/244 07/05/2026 07/05/2026 كتب
    Dewey Decimal Classification   Available مكتبة كلية العلوم الإقتصادية والعلوم التجارية وعلوم التسيير مكتبة كلية العلوم الإقتصادية والعلوم التجارية وعلوم التسيير 07/05/2026 الطابق الأرضي 2/244   أ/244ن2 2/244 07/05/2026 07/05/2026 كتب
    Dewey Decimal Classification   Available مكتبة كلية العلوم الإقتصادية والعلوم التجارية وعلوم التسيير مكتبة كلية العلوم الإقتصادية والعلوم التجارية وعلوم التسيير 07/05/2026 الطابق الأرضي 3/244   أ/244ن3 3/244 07/05/2026 07/05/2026 كتب
    Dewey Decimal Classification   Available مكتبة كلية العلوم الإقتصادية والعلوم التجارية وعلوم التسيير مكتبة كلية العلوم الإقتصادية والعلوم التجارية وعلوم التسيير 07/05/2026 مكتبة بن عكنون 4/244   أ/244ن4 4/244 07/05/2026 07/05/2026 كتب

موارد الويب المفتوحة


© University of Algiers 3 All Rights Reserved
|
Implemented by LECHELAH Riad